Visualizzazione normale
Vista MARC
- Bigard Barney
di Personal Name
Records bibliografici associati: 1
001 - CONTROL NUMBER
- control field: 13650
003 - CONTROL NUMBER IDENTIFIER
- control field: IT-RoPau
005 - DATE AND TIME OF LATEST TRANSACTION
- control field: 20140215212551.0
008 - FIXED-LENGTH DATA ELEMENTS
- fixed length control field: 140215|| aca||aabn | a|a d
040 ## - CATALOGING SOURCE
- Original cataloging agency: IT-RoPau
- Transcribing agency: IT-RoPau
100 ## - HEADING--PERSONAL NAME
- Personal name: Bigard Barney
- Dates associated with a name: Codice autore SPICS: 16329
- Relator term: Autore
- Name of part/section of a work: Clarinet Lament
670 ## - SOURCE DATA FOUND
- Source citation: Work cat.: (IT-RoPau)99724: AA.VV. 794, Clarinetto nel jazz (Il)